[Event "Erlangen op 17th"]
[Site "Erlangen"]
[Date "2002.??.??"]
[Round "?"]
[White "Reh, Rebecca"]
[Black "Hahm, Till"]
[Result "0-1"]
[WhiteElo "1292"]
[BlackElo "100"]
[PlyCount "74"]
[EventDate "2002.??.??"]
[EventType "swiss"]
[EventRounds "5"]
[EventCountry "GER"]
[SourceTitle "EXT 2005"]
[Source "ChessBase"]
[SourceDate "2004.11.15"]
[SourceVersion "1"]
[SourceVersionDate "2004.11.15"]
[SourceQuality "1"]

1. e4 c5 2. Nf3 Nc6 3. d4 d6 4. Nc3 cxd4 5. Nxd4 Nxd4 6. Qxd4 e5 7. Qd1 Nf6 8. f3 Be6 9. Be3 d5 10. exd5 Nxd5 11. Bb5+ Ke7 12. Bc5+ Kf6 13. Ne4+ Kf5 14. g4+ Kg6 15. h4 h5 16. gxh5+ Rxh5 17. Rg1+ Kh7 18. Ng5+ Rxg5 19. hxg5 Bxc5 20. Rh1+ Kg8 21. Qd3 g6 22. Bc4 Ne3 23. Qxd8+ Rxd8 24. Bxe6 fxe6 25. Rc1 Ng2+ 26. Ke2 Be3 27. Rcd1 Rxd1 28. Rxd1 Bd4 29. c3 Ne3 30. cxd4 Nxd1 31. Kxd1 exd4 32. Kd2 e5 33. Kd3 Kf7 34. Ke4 Ke6 35. b3 a5 36. a3 b5 37. a4 b4 0-1